History Quiz

Random History or World Quiz

1970s Match-Up Quiz Stats

 Plays Quiz Updated Nov 12, 2014

Score 0/36 Timer 05:00
4 Plays Today
% Correct
Led
98.5%
Monty
98.3%
Saturday Night
97.9%
Watergate
97.8%
Apocalypse
97.7%
Pink
97.5%
Star
97.2%
Rocky
97.2%
Bee
97.1%
Bob
96.2%
Freddie
95.4%
Blazing
94.5%
Dirty
94.2%
Yom
93.8%
Lava
93.2%
Stanley
92.6%
Thrilla in
91.9%
Oil
90.3%
% Correct
Gang of
90%
Roe v.
89.9%
Bell
89.8%
Mood
88.6%
Pol
87.7%
Camp David
86.7%
Idi
85.8%
Jiang
84.5%
Harvey
81.8%
Golda
81.6%
Toni
81.4%
Imelda
80.9%
Ruhollah
80%
Khmer
74.4%
Augusto
70.5%
Haile
69%
Salvador
62.4%
Gulag
60.4%

You're not logged in!

Compare scores with friends on all Sporcle quizzes.
OR
Log In

Show Comments

Extras

Top Quizzes Today


Score Distribution

Your Account Isn't Verified!

In order to create a playlist on Sporcle, you need to verify the email address you used during registration. Go to your Sporcle Settings to finish the process.

Report this User

Report this user for behavior that violates our Community Guidelines.

Details: